[Event "4NCL-9899B GD-WG2"]
[Site "Rd10-Birmingham"]
[Date "1999.05.02"]
[Round "10.6"]
[White "Wastney, Scott"]
[Black "Walden-Jones, Andrew"]
[Result "1-0"]
[WhiteElo "2155"]
[BlackElo "2090"]
[PlyCount "71"]
[EventDate "1999.05.02"]

1. Nf3 Nf6 2. c4 e6 3. d4 Be7 4. Nc3 d5 5. Bf4 O-O 6. e3 c6 7. Qc2 a5 8. c5 b5
9. Bd3 h6 10. g4 b4 11. Na4 Ba6 12. Nb6 Ra7 13. g5 Bxd3 14. Qxd3 Nh5 15. gxh6
Nxf4 16. exf4 gxh6 17. Rg1+ Kh8 18. Ne5 Bf6 19. O-O-O Rg8 20. Qh3 Kh7 21. Rg3
Bxe5 22. fxe5 Rxg3 23. hxg3 Qg8 24. f4 Nd7 25. Nxd7 Rxd7 26. g4 Qg7 27. g5 Rd8
28. Rh1 Qg6 29. Qxh6+ Qxh6 30. Rxh6+ Kg7 31. f5 b3 32. axb3 Rh8 33. fxe6 fxe6
34. Rxe6 Rh1+ 35. Kc2 Rh2+ 36. Kb1 1-0

[Event "4NCL-9899B GD-WG2"]
[Site "Rd10-Birmingham"]
[Date "1999.05.02"]
[Round "10.7"]
[White "Gilbert, Jon"]
[Black "Tebbs, Howard"]
[Result "1-0"]
[WhiteElo "2100"]
[BlackElo "2016"]
[PlyCount "61"]
[EventDate "1999.05.02"]

1. e4 c6 2. d4 d5 3. exd5 cxd5 4. c4 Nf6 5. Nc3 e6 6. Nf3 Be7 7. cxd5 Nxd5 8.
Bd3 Nc6 9. O-O O-O 10. a3 a6 11. Re1 Nxc3 12. bxc3 b5 13. Qc2 f5 14. Bf4 Bf6
15. Qb3 Na5 16. Qa2 Qd5 17. Qxd5 exd5 18. a4 b4 19. Bd6 bxc3 20. Bxf8 Kxf8 21.
Rac1 Nb3 22. Rxc3 Nxd4 23. Nxd4 Bxd4 24. Rc7 Bf6 25. Rc5 Bd7 26. Rxd5 Bxa4 27.
Rxf5 h6 28. Rb1 a5 29. Ra1 Rd8 30. Rxa4 Rxd3 31. g3 1-0

[Event "4NCL-9899B GD-WG2"]
[Site "Rd10-Birmingham"]
[Date "1999.05.02"]
[Round "10.8"]
[White "Lazhevskaya, Zhanna"]
[Black "Fletcher, John"]
[Result "1-0"]
[WhiteElo "2046"]
[BlackElo "2100"]
[PlyCount "81"]
[EventDate "1999.05.02"]

1. e4 c5 2. Nf3 Nc6 3. Nc3 Nf6 4. Bb5 Nd4 5. e5 Nxb5 6. Nxb5 Nd5 7. Ng5 a6 8.
Qf3 f6 9. exf6 Nxf6 10. Nc3 d5 11. O-O h6 12. Nh3 Bg4 13. Qg3 e6 14. d3 g5 15.
f4 Bd6 16. Nf2 Bf5 17. Qf3 g4 18. Qe2 Qe7 19. Nh1 O-O-O 20. Ng3 Rde8 21. Nxf5
exf5 22. Qf2 d4 23. Ne2 Nd5 24. g3 Nb4 25. Bd2 Nxc2 26. Rac1 Ne3 27. Rfe1 Qg7
28. Nxd4 Qxd4 29. Bxe3 Qd5 30. Bxc5 Rxe1+ 31. Qxe1 Bxc5+ 32. Qe3 b6 33. d4 Kd7
34. dxc5 Rc8 35. Qe2 Qxa2 36. Qd3+ Ke7 37. Qd6+ Ke8 38. Re1+ Kf7 39. Re7+ Kf8
40. Qf6+ Kg8 41. Qg7# 1-0

[Event "4NCL-9899B KH-NID"]
[Site "Rd10-Birmingham"]
[Date "1999.05.02"]
[Round "10.1"]
[White "McMichael, Rick"]
[Black "Fish, Andrew"]
[Result "1-0"]
[WhiteElo "2255"]
[BlackElo "2115"]
[PlyCount "67"]
[EventDate "1999.05.02"]

1. b3 e5 2. Bb2 Nc6 3. e3 Nf6 4. c4 d6 5. Nc3 Bf5 6. Be2 Qd7 7. d4 exd4 8. exd4
O-O-O 9. Nf3 d5 10. c5 Bxc5 11. O-O Bd6 12. Nb5 Rhe8 13. Rc1 Re7 14. Ne5 Bxe5
15. dxe5 Ng4 16. Rxc6 bxc6 17. Nd4 Nxe5 18. f4 Ng4 19. Ba6+ Kb8 20. Qc1 Re6 21.
Nxf5 c5 22. Bd3 Qc6 23. h3 Nf6 24. Nxg7 Red6 25. Be5 R6d7 26. Nf5 Rg8 27. Nd4
Qb6 28. Bxf6 Qxf6 29. Qxc5 Qb6 30. Qxb6+ axb6 31. Bxh7 Re8 32. Bd3 Re3 33. Bb5
Rd6 34. Nf5 1-0

[Event "4NCL-9899B KH-NID"]
[Site "Rd10-Birmingham"]
[Date "1999.05.02"]
[Round "10.2"]
[White "Oates, David"]
[Black "Thomas, Richard H"]
[Result "1-0"]
[WhiteElo "2180"]
[BlackElo "2295"]
[PlyCount "45"]
[EventDate "1999.05.02"]

1. e4 e5 2. Nf3 Nc6 3. Nc3 Nf6 4. d4 exd4 5. Nxd4 Bb4 6. Nxc6 bxc6 7. Bd3 d6 8.
O-O O-O 9. Bg5 h6 10. Bh4 Re8 11. f4 Qe7 12. e5 dxe5 13. Ne4 g5 14. Nxf6+ Qxf6
15. fxg5 Qg7 16. Qh5 hxg5 17. Bxg5 e4 18. Bf6 Qh7 19. Qg5+ Qg6 20. Qh4 Qh7 21.
Rf4 Bc5+ 22. Kh1 Bf5 23. Qg5+ 1-0

[Event "4NCL-9899B KH-NID"]
[Site "Rd10-Birmingham"]
[Date "1999.05.02"]
[Round "10.3"]
[White "Okike, David"]
[Black "Johnston, Dafydd"]
[Result "0-1"]
[WhiteElo "2145"]
[BlackElo "2175"]
[PlyCount "116"]
[EventDate "1999.05.02"]

1. e4 c5 2. Nf3 d6 3. d4 cxd4 4. Nxd4 Nf6 5. Nc3 g6 6. Be3 Bg7 7. Qd2 Nc6 8. f3
O-O 9. Bc4 Bd7 10. O-O-O Rc8 11. Bb3 Ne5 12. Bh6 Bxh6 13. Qxh6 Rxc3 14. bxc3 a5
15. a4 Qc7 16. Kd2 Rc8 17. Ne2 b5 18. Ra1 bxa4 19. Bxa4 d5 20. exd5 Nxd5 21.
Bxd7 Qxd7 22. Ke1 Qe6 23. Kf2 Qb6+ 24. Kg3 Ne3 25. Qf4 Nf5+ 26. Kh3 Qe6 27. g4
Nxg4 28. fxg4 Qxe2 29. gxf5 Rxc3+ 30. Qg3 Rxg3+ 31. hxg3 Qh5+ 32. Kg2 Qxf5 33.
Rhc1 Qe4+ 34. Kh3 h5 35. Rxa5 h4 36. Ra3 Qf5+ 37. Kg2 Qd5+ 38. Kh3 Qd2 39. Rca1
hxg3 40. Kxg3 Qxc2 41. Kf3 Kg7 42. R1a2 Qf5+ 43. Kg2 g5 44. Ra5 Qe4+ 45. Kg3 f5
46. R2a3 Kf6 47. Ra6+ e6 48. Kf2 f4 49. Ra8 Kf5 50. Rf8+ Kg4 51. Rfa8 Qc2+ 52.
Kg1 e5 53. Ra2 Qb1+ 54. Kg2 e4 55. Kh2 f3 56. Rd2 Kf4 57. Rf8+ Ke3 58. Rfd8 f2
0-1

[Event "4NCL-9899B KH-NID"]
[Site "Rd10-Birmingham"]
[Date "1999.05.02"]
[Round "10.4"]
[White "Bennett, Alan"]
[Black "Kwiatkowski, Felix"]
[Result "0-1"]
[WhiteElo "2120"]
[BlackElo "2220"]
[PlyCount "82"]
[EventDate "1999.05.02"]

1. e4 e6 2. d4 d5 3. e5 c5 4. c3 Qb6 5. Nf3 Bd7 6. Be2 cxd4 7. cxd4 Bb5 8. Qb3
Bxe2 9. Qxb6 axb6 10. Kxe2 Nc6 11. Bd2 Nh6 12. Nc3 Kd7 13. Rhc1 Be7 14. h3 f6
15. Nb5 Nf7 16. Bf4 fxe5 17. Nxe5+ Nfxe5 18. Bxe5 Rac8 19. Bxg7 Rhg8 20. Be5
Nxe5 21. dxe5 Bc5 22. g4 Rcf8 23. Rf1 Rf4 24. Nc3 Rg5 25. f3 Rxe5+ 26. Kd2 Re3
27. a3 Rexf3 28. Rxf3 Rxf3 29. Rh1 Rf2+ 30. Ne2 e5 31. b4 Be7 32. Ke3 Bh4 33.
g5 d4+ 34. Kd2 e4 35. Kd1 Bxg5 36. h4 Bf6 37. Ng3 Ra2 38. Ne2 Rxa3 39. Rf1 Ra1+
40. Nc1 Ke6 41. Kc2 d3+ 0-1

[Event "4NCL-9899B KH-NID"]
[Site "Rd10-Birmingham"]
[Date "1999.05.02"]
[Round "10.5"]
[White "Mackenzie, Colin"]
[Black "Price, Chris"]
[Result "1/2-1/2"]
[WhiteElo "2125"]
[BlackElo "2115"]
[PlyCount "75"]
[EventDate "1999.05.02"]

1. Nf3 Nf6 2. c4 e6 3. g3 d5 4. Bg2 Be7 5. O-O O-O 6. d4 dxc4 7. Ne5 Nbd7 8.
Nxc4 c6 9. Nc3 Nb6 10. Nxb6 Qxb6 11. Na4 Qc7 12. Bf4 Bd6 13. Bg5 Be7 14. Bf4
Bd6 15. Bg5 Be7 16. Qc2 Bd7 17. Nc5 Rac8 18. Bf4 Qb6 19. Rfd1 Rfd8 20. Rd3 Bxc5
21. dxc5 Qb5 22. a4 Qa6 23. Rad1 Nd5 24. Qd2 f5 25. f3 Rf8 26. Bd6 Rf7 27. e4
Nc7 28. Bxc7 Rxc7 29. Bf1 b5 30. exf5 exf5 31. axb5 cxb5 32. b4 Qb7 33. f4 h6
34. Bg2 Bc6 35. Rd8+ Kh7 36. Rd6 Bf3 37. Bxf3 Qxf3 38. Rf1 1/2-1/2

[Event "4NCL-9899B KH-NID"]
[Site "Rd10-Birmingham"]
[Date "1999.05.02"]
[Round "10.6"]
[White "Jones, Richard S"]
[Black "Ward, Julian"]
[Result "1/2-1/2"]
[WhiteElo "2095"]
[BlackElo "2052"]
[PlyCount "103"]
[EventDate "1999.05.02"]

1. e4 c5 2. Nc3 Nc6 3. g3 g6 4. Bg2 Bg7 5. d3 e6 6. Be3 d6 7. Qd2 Rb8 8. Nge2
Nb4 9. Nc1 Ne7 10. Nd1 O-O 11. c3 Nbc6 12. Bh6 e5 13. h4 f6 14. Bxg7 Kxg7 15.
f4 d5 16. Qf2 b6 17. h5 dxe4 18. Bxe4 Bf5 19. Ne3 Bxe4 20. dxe4 g5 21. h6+ Kh8
22. Ne2 Qd3 23. Qf3 Ng6 24. Rd1 g4 25. Qxg4 Qxe4 26. Kf2 exf4 27. Nxf4 Rbe8 28.
Qf3 f5 29. Qxe4 fxe4 30. Ned5 Nce5 31. Ke2 c4 32. Rdf1 Nd3 33. Nxg6+ hxg6 34.
h7 Rf5 35. Rxf5 gxf5 36. Ke3 Nxb2 37. Nf4 Kg7 38. Ng6 Nd1+ 39. Kd2 Rd8+ 40. Kc2
Ne3+ 41. Kc1 Kxg6 42. h8=Q Rxh8 43. Rxh8 Kf6 44. Rh1 Kg5 45. Kd2 Nd5 46. Rh7
Kg4 47. Rd7 Nf6 48. Rg7+ Kf3 49. Rf7 e3+ 50. Ke1 Ne4 51. Rxf5+ Kxg3 52. Ke2
1/2-1/2

[Event "4NCL-9899B KH-NID"]
[Site "Rd10-Birmingham"]
[Date "1999.05.02"]
[Round "10.7"]
[White "Compton, Alistair"]
[Black "Sinnett, Glyn"]
[Result "1-0"]
[WhiteElo "2035"]
[BlackElo "1865"]
[PlyCount "111"]
[EventDate "1999.05.02"]

1. e4 e6 2. d4 d5 3. Nc3 Bb4 4. Nge2 dxe4 5. a3 Be7 6. Nxe4 Nf6 7. N2c3 Nbd7 8.
Bd3 b6 9. Qf3 Rb8 10. Bf4 Nd5 11. Nxd5 exd5 12. Nc3 Nf6 13. Bb5+ Bd7 14. Nxd5
Nxd5 15. Qxd5 Bxb5 16. Qxb5+ Qd7 17. Qxd7+ Kxd7 18. O-O Bf6 19. Rfe1 Rbe8 20.
c3 c6 21. Kf1 g6 22. Rad1 Rxe1+ 23. Rxe1 Re8 24. Rxe8 Kxe8 25. Ke2 Kd7 26. Kd3
Ke6 27. a4 Be7 28. Bb8 a6 29. c4 Bb4 30. Bc7 b5 31. axb5 axb5 32. b3 f5 33. f3
Be1 34. Bf4 Bb4 35. Bc7 Be1 36. Bf4 Bb4 37. Bd2 Bd6 38. h3 Be7 {(Draw offer)}
39. Be3 Bb4 40. Bd2 Be7 41. Be3 Bb4 42. g4 Be7 43. Bf4 Bb4 44. d5+ cxd5 45.
cxb5 Bc5 46. Be3 Bd6 47. Kd4 Bb8 48. Kc5 Ke5 49. b6 h5 50. Kc6 hxg4 51. hxg4
fxg4 52. fxg4 Ke4 53. Bc1 d4 54. b7 d3 55. Kd7 Kf3 56. Kc8 1-0

[Event "4NCL-9899B KH-NID"]
[Site "Rd10-Birmingham"]
[Date "1999.05.02"]
[Round "10.8"]
[White "Powell, Annie"]
[Black "Kelly, Alex"]
[Result "0-1"]
[WhiteElo "1730"]
[BlackElo "1400"]
[PlyCount "106"]
[EventDate "1999.05.02"]

1. e4 c5 2. Nf3 Nc6 3. d4 cxd4 4. Nxd4 a6 5. c4 e6 6. Nc3 Nge7 7. Be3 Nxd4 8.
Qxd4 Nc6 9. Qd2 Qa5 10. a3 Rb8 11. Be2 b5 12. O-O b4 13. axb4 Qxb4 14. Rfb1 Bc5
15. Bxc5 Qxc5 16. Rd1 Ne5 17. Na4 Qc6 18. Qd4 Qc7 19. Nc5 Rb6 20. f4 Ng6 21. g3
Rc6 22. b4 e5 23. fxe5 Nxe5 24. Nd3 Nxd3 25. Bxd3 O-O 26. Ra2 Re8 27. Ra5 Bb7
28. Rd5 d6 29. Rf5 Rb6 30. c5 dxc5 31. Rxc5 Qe7 32. Rdc1 Rd6 33. Qc4 Qe6 34.
Qc2 g6 35. e5 Rd5 36. Rc7 Qb6+ 37. Rc5 Rdxe5 38. Qf2 Qxb4 39. Rc7 Re1+ 40. Rxe1
Rxe1+ 41. Bf1 Re7 42. Rc4 Qd6 43. Rd4 Qc6 44. Qg2 Qxg2+ 45. Bxg2 Bxg2 46. Kxg2
Re5 47. Kf3 Ra5 48. Kf4 Ra3 49. Kg5 Kg7 50. Rd7 a5 51. Ra7 a4 52. g4 Ra1 53.
Kf4 a3 0-1

[Event "4NCL-9899B SWD-WIT"]
[Site "Rd10-Birmingham"]
[Date "1999.05.02"]
[Round "10.1"]
[White "Zeidler, Sven"]
[Black "Devereaux, Maxim"]
[Result "0-1"]
[WhiteElo "2222"]
[BlackElo "2220"]
[PlyCount "118"]
[EventDate "1999.05.02"]

1. e4 c6 2. d4 d5 3. f3 e6 4. Nc3 Bb4 5. Bf4 Nf6 6. Qd3 b6 7. Nge2 Ba6 8. Qe3
Nbd7 9. O-O-O O-O 10. h3 c5 11. a3 Bxe2 12. Bxe2 cxd4 13. Qxd4 Bc5 14. Qa4 d4
15. Na2 e5 16. Bg5 Qc7 17. Ba6 b5 18. Bxb5 a5 19. Bxf6 Nxf6 20. Qc4 Rfc8 21. a4
Qe7 22. Qe2 Ne8 23. Rd3 Nd6 24. Rb3 Bb4 25. Rd1 Nxb5 26. Nxb4 axb4 27. Qxb5 Qc7
28. Rd2 Rcb8 29. Qd3 Rxa4 30. Kd1 h6 31. Ke2 Rb6 32. f4 Rg6 33. g4 exf4 34.
Qxd4 Ra8 35. Rf3 Re8 36. Kf2 Rge6 37. Re2 Rxe4 38. Qxe4 Rxe4 39. Rxe4 Qxc2+ 40.
Re2 Qc5+ 41. Kg2 Qd5 42. Ref2 g5 43. Kf1 Qd1+ 44. Kg2 Kg7 45. Rf1 Qd5 46. Kh2
Kg6 47. R3f2 f5 48. Rg1 fxg4 49. Rxg4 h5 50. Rg1 Kf5 51. Rgf1 Qe5 52. Kg2 g4
53. hxg4+ hxg4 54. Rd2 g3 55. Rf3 Kg4 56. Rfd3 f3+ 57. Kf1 f2 58. Rd4+ Kh3 59.
Rd1 Qe3 0-1

[Event "4NCL-9899B SWD-WIT"]
[Site "Rd10-Birmingham"]
[Date "1999.05.02"]
[Round "10.2"]
[White "Headlong, Tim"]
[Black "Dineley, Richard"]
[Result "1/2-1/2"]
[WhiteElo "2270"]
[BlackElo "2265"]
[PlyCount "46"]
[EventDate "1999.05.02"]

1. c4 c5 2. Nf3 Nf6 3. Nc3 Nc6 4. e3 e6 5. d4 d5 6. cxd5 exd5 7. Be2 cxd4 8.
Nxd4 Bd6 9. Nf3 a6 10. O-O O-O 11. a3 Bc7 12. b4 Qd6 13. Bb2 Re8 14. g3 Bh3 15.
Re1 b5 16. Rc1 Bb6 17. Rc2 Rad8 18. Qc1 d4 19. Rd1 Qb8 20. exd4 Nxd4 21. Nxd4
Bxd4 22. Bf1 Bxf1 23. Rxf1 Qe5 1/2-1/2

[Event "4NCL-9899B SWD-WIT"]
[Site "Rd10-Birmingham"]
[Date "1999.05.02"]
[Round "10.3"]
[White "James, David"]
[Black "Haydon, Richard"]
[Result "1-0"]
[WhiteElo "2229"]
[BlackElo "2200"]
[PlyCount "73"]
[EventDate "1999.05.02"]

1. d4 d6 2. e4 g6 3. Be3 Bg7 4. c4 Nc6 5. Nc3 e5 6. Nge2 Nh6 7. f3 f5 8. Qd2
Nf7 9. d5 Ne7 10. O-O-O f4 11. Bf2 g5 12. Kb1 Ng6 13. Nc1 O-O 14. Be2 a6 15. c5
dxc5 16. Bxc5 Nd6 17. Nb3 b6 18. Bf2 Bd7 19. Rc1 Nh4 20. Rhg1 Kh8 21. a4 a5 22.
Qc2 Re8 23. Nd2 Bf8 24. Nc4 Nb7 25. Na3 Bxa3 26. bxa3 Qe7 27. Bb5 Nd6 28. Bxd7
Qxd7 29. Qb3 b5 30. Nxb5 Rab8 31. Rc6 Rb7 32. Bc5 Reb8 33. Bxd6 cxd6 34. Qc3 g4
35. Ka1 gxf3 36. gxf3 Rb6 37. Nxd6 1-0

[Event "4NCL-9899B SWD-WIT"]
[Site "Rd10-Birmingham"]
[Date "1999.05.02"]
[Round "10.4"]
[White "Cooksey, Paul"]
[Black "Richmond, Peter"]
[Result "1-0"]
[WhiteElo "2220"]
[BlackElo "2190"]
[PlyCount "55"]
[EventDate "1999.05.02"]

1. d4 d5 2. c4 c6 3. Nf3 e6 4. Nc3 dxc4 5. e3 b5 6. a4 Bb4 7. Bd2 a5 8. axb5
Bxc3 9. Bxc3 cxb5 10. b3 Bb7 11. bxc4 b4 12. Bb2 Nf6 13. Bd3 Nbd7 14. O-O O-O
15. Re1 Re8 16. e4 e5 17. c5 h6 18. Bb5 Ba6 19. Ba4 exd4 20. Qxd4 Re7 21. e5
Nxc5 22. Qxc5 Nd7 23. Bxd7 Rxd7 24. Qxa5 Qe7 25. Qb6 Bb7 26. Rxa8+ Bxa8 27. Qe3
Qe6 28. h3 1-0

[Event "4NCL-9899B SWD-WIT"]
[Site "Rd10-Birmingham"]
[Date "1999.05.02"]
[Round "10.5"]
[White "Roberts, David L"]
[Black "Rose, Matthew"]
[Result "0-1"]
[WhiteElo "2195"]
[BlackElo "2130"]
[PlyCount "116"]
[EventDate "1999.05.02"]

1. e4 c5 2. Nf3 d6 3. d4 cxd4 4. Nxd4 Nf6 5. Nc3 g6 6. Be3 Bg7 7. f3 Nc6 8. Qd2
O-O 9. Bc4 Nd7 10. O-O-O Nde5 11. Bb3 Na5 12. Qe2 Bd7 13. h4 h5 14. Rhg1 Rc8
15. g4 hxg4 16. fxg4 Rxc3 17. bxc3 Qc8 18. Nf5 Bxf5 19. gxf5 Qxc3 20. Bd4 Qf3
21. Qxf3 Nxf3 22. Bxg7 Kxg7 23. Rg4 Rh8 24. Rh1 Nc6 25. h5 Nce5 26. Rg2 g5 27.
c3 Kh6 28. Bd1 Rc8 29. Kb2 g4 30. Rxg4 Nxg4 31. Bxf3 Ne5 32. Be2 Rg8 33. Rh2 f6
34. Kc2 Rg3 35. Kd2 Rg1 36. Ke3 Rc1 37. Kd4 Rc2 38. Kd5 Nf3 39. Rg2 Ng5 40. Kd4
Rxa2 41. Ke3 Rb2 42. Rg1 a5 43. Bg4 b5 44. Ra1 a4 45. Bd1 Rh2 46. Ra3 Rh3+ 47.
Kd4 Rh4 48. Bc2 Rxh5 49. c4 Rh2 50. Bd3 b4 51. Rxa4 Nf3+ 52. Ke3 Ne5 53. Be2 b3
54. Rb4 b2 55. Rb8 Kg7 56. Rb7 Kf8 57. Rb8+ Kf7 58. Rb7 Ke8 0-1

[Event "4NCL-9899B SWD-WIT"]
[Site "Rd10-Birmingham"]
[Date "1999.05.02"]
[Round "10.6"]
[White "Elliott, Sean"]
[Black "Binks, Michael"]
[Result "0-1"]
[WhiteElo "2032"]
[BlackElo "2118"]
[PlyCount "82"]
[EventDate "1999.05.02"]

1. e4 e5 2. Nf3 Nc6 3. Bb5 a6 4. Ba4 Nf6 5. O-O Be7 6. Re1 b5 7. Bb3 d6 8. c3
Na5 9. Bc2 c5 10. h3 Qc7 11. a4 Rb8 12. d4 O-O 13. Nbd2 Bd7 14. axb5 axb5 15.
Nf1 Rfc8 16. dxe5 dxe5 17. Ne3 Nc6 18. Nd5 Qd8 19. Be3 c4 20. Ra6 Be6 21. Bb6
Qd7 22. Nxf6+ Bxf6 23. Qa1 Be7 24. Rd1 Qb7 25. Be3 Ra8 26. Rxa8 Rxa8 27. Qc1 f6
28. Nh4 g6 29. f4 exf4 30. Bd4 Nxd4 31. cxd4 g5 32. Nf5 Bxf5 33. exf5 Rd8 34.
Qd2 Qd7 35. Qe2 Kf7 36. d5 Bc5+ 37. Kh1 Re8 38. Qh5+ Kg7 39. h4 Qf7 40. Qf3 Re3
41. Qg4 h5 0-1

[Event "4NCL-9899B SWD-WIT"]
[Site "Rd10-Birmingham"]
[Date "1999.05.02"]
[Round "10.7"]
[White "Blackburn, Jonathan"]
[Black "Hannon, Mark"]
[Result "0-1"]
[WhiteElo "1840"]
[BlackElo "2032"]
[PlyCount "78"]
[EventDate "1999.05.02"]

1. d4 Nf6 2. c4 c5 3. d5 b5 4. cxb5 a6 5. bxa6 g6 6. Nc3 Bxa6 7. Nf3 Bg7 8. e4
Bxf1 9. Kxf1 d6 10. g3 O-O 11. Kg2 Nbd7 12. Re1 Ng4 13. h3 Nge5 14. Nxe5 Nxe5
15. f4 Nd7 16. Qc2 Qb6 17. Rb1 Rfb8 18. Bd2 Qa6 19. b3 Qa3 20. Bc1 Qa5 21. Bb2
c4 22. Na4 cxb3 23. axb3 Bxb2 24. Nxb2 Qa2 25. Ra1 Qxa1 26. Rxa1 Rxa1 27. Na4
Ra3 28. h4 Raxb3 29. h5 Nc5 30. h6 Nxa4 31. Qc7 R3b7 32. Qc4 Nc5 33. Qd4 f6 34.
e5 Rb4 35. Qc3 Ne4 36. Qc7 Rb2+ 37. Kf3 f5 38. Ke3 R8b3+ 39. Kd4 Rd2+ 0-1

[Event "4NCL-9899B SWD-WIT"]
[Site "Rd10-Birmingham"]
[Date "1999.05.02"]
[Round "10.8"]
[White "Smith, Lucy"]
[Black "Blackburn, Suzie"]
[Result "1-0"]
[WhiteElo "1616"]
[BlackElo "1272"]
[PlyCount "56"]
[EventDate "1999.05.02"]

1. d4 d5 2. c4 e6 3. Nc3 Nf6 4. Bg5 Nbd7 5. e3 Be7 6. Nf3 b6 7. Be2 Bb7 8. O-O
O-O 9. Re1 c5 10. dxc5 Bxc5 11. cxd5 exd5 12. Bb5 Be7 13. Nd4 Ne4 14. Bxe7 Nxc3
15. Bxd8 Nxd1 16. Bh4 Nxe3 17. Bxd7 Nc4 18. b3 Nb2 19. Re3 Ba6 20. Nb5 Bxb5 21.
Bxb5 Rac8 22. Re2 Rc5 23. Be7 Rxb5 24. Bxf8 Nd3 25. Bd6 h6 26. Rd1 Nc5 27. Rxd5
Ne4 28. Rxb5 Nc3 1-0

[Event "4NCL-9899B WR-GUI"]
[Site "Rd10-Birmingham"]
[Date "1999.05.02"]
[Round "10.1"]
[White "Gretarsson, Helgi"]
[Black "Kinsman, Andrew"]
[Result "1/2-1/2"]
[WhiteElo "2459"]
[BlackElo "2369"]
[PlyCount "86"]
[EventDate "1999.05.02"]

1. Nf3 Nf6 2. g3 d5 3. Bg2 c6 4. b3 Bg4 5. Bb2 Nbd7 6. O-O e6 7. d3 Bd6 8. Nbd2
O-O 9. h3 Bxf3 10. Nxf3 Qe7 11. a3 Rac8 12. c4 e5 13. Qc2 Rfd8 14. b4 c5 15. b5
dxc4 16. dxc4 e4 17. Ng5 Re8 18. Rad1 h6 19. Bxf6 Nxf6 20. Nxe4 Nxe4 21. Bxe4
Qxe4 22. Qxe4 Rxe4 23. Rxd6 Rxc4 24. Rd7 Ra4 25. Rxb7 c4 26. Rc1 c3 27. b6 axb6
28. Rxb6 Rxa3 29. Rc2 Ra7 30. Kg2 Rd7 31. Kf3 Kf8 32. Rb3 Rdc7 33. Rb4 h5 34.
Ke3 g6 35. Kd3 Rd8+ 36. Rd4 Rdc8 37. Ke3 Ke7 38. Kf3 Ke6 39. Rd3 Rc5 40. Kg2
Rc4 41. Kf1 R4c5 42. Ke1 R8c7 43. Kf1 Rc8 1/2-1/2

[Event "4NCL-9899B WR-GUI"]
[Site "Rd10-Birmingham"]
[Date "1999.05.02"]
[Round "10.2"]
[White "Povah, Nigel"]
[Black "Lane, Gary"]
[Result "1-0"]
[WhiteElo "2325"]
[BlackElo "2411"]
[PlyCount "57"]
[EventDate "1999.05.02"]

1. d4 Nf6 2. Bg5 e6 3. e4 h6 4. Bxf6 Qxf6 5. Nc3 d6 6. Qd2 g5 7. O-O-O Bg7 8.
g3 Nc6 9. Bb5 Bd7 10. Nge2 a6 11. Bxc6 Bxc6 12. f4 O-O-O 13. Rhf1 Qe7 14. g4 h5
15. fxg5 hxg4 16. Ng3 Rh4 17. Rf2 Rg8 18. Rdf1 Be8 19. Nd5 Qd7 20. Nf6 Bxf6 21.
Rxf6 d5 22. e5 Rh7 23. Rh6 Rgh8 24. Rff6 Qb5 25. b3 c5 26. Nh5 cxd4 27. a4 Qc5
28. Rxh7 Rxh7 29. Rh6 1-0

[Event "4NCL-9899B WR-GUI"]
[Site "Rd10-Birmingham"]
[Date "1999.05.02"]
[Round "10.3"]
[White "Dunnington, Angus"]
[Black "Thompson, Ian"]
[Result "0-1"]
[WhiteElo "2358"]
[BlackElo "2278"]
[PlyCount "118"]
[EventDate "1999.05.02"]

1. Nf3 Nf6 2. g3 g6 3. b3 Bg7 4. Bb2 O-O 5. Bg2 d6 6. d4 e5 7. dxe5 Ng4 8. Qc1
Nxe5 9. O-O Nbc6 10. Nxe5 Nxe5 11. c4 Rb8 12. Rd1 Bg4 13. Nc3 Nd7 14. Nd5 Be6
15. Bxg7 Kxg7 16. Qc3+ f6 17. b4 Re8 18. c5 Bxd5 19. Rxd5 Rxe2 20. cxd6 c6 21.
Rd2 Re5 22. Bh3 Nb6 23. d7 Qe7 24. Rd4 Rd8 25. a3 Nd5 26. Qb2 Re1+ 27. Rxe1
Qxe1+ 28. Kg2 Qe5 29. f4 Qe1 30. Qf2 Qxf2+ 31. Kxf2 f5 32. b5 Rxd7 33. bxc6
bxc6 34. Rc4 Ne7 35. Bg2 Rd2+ 36. Kg1 Rd6 37. Ra4 Rd7 38. Rc4 Rc7 39. Rc5 Kf7
40. Kf2 Ke6 41. Ke3 Kd6 42. Ra5 Rb7 43. Kd4 Rb2 44. Bf3 Nc8 45. Ra6 Rb6 46. Ra5
Rb3 47. Be2 Nb6 48. g4 Rb2 49. Bf3 fxg4 50. Bxg4 Rxh2 51. Ke4 h5 52. Bd1 Nd5
53. Bb3 Re2+ 54. Kd4 c5+ 55. Rxc5 Rd2+ 56. Kc4 Nxf4 57. Ra5 h4 58. Ra6+ Ke5 59.
Rxa7 h3 0-1

[Event "4NCL-9899B WR-GUI"]
[Site "Rd10-Birmingham"]
[Date "1999.05.02"]
[Round "10.4"]
[White "Granat, Russell"]
[Black "Potts, Alan"]
[Result "0-1"]
[WhiteElo "2255"]
[BlackElo "2270"]
[PlyCount "80"]
[EventDate "1999.05.02"]

1. e4 e6 2. d4 d5 3. exd5 exd5 4. c4 Nf6 5. Nc3 c6 6. Nf3 Be7 7. a3 O-O 8. c5
b6 9. b4 bxc5 10. bxc5 Ne4 11. Nxe4 dxe4 12. Ne5 Bf6 13. Bf4 Be6 14. Be2 Bg5
15. Bxg5 Qxg5 16. O-O Nd7 17. Nxd7 Bh3 18. g3 Bxd7 19. Qc1 Qf6 20. Qe3 Bf5 21.
g4 Qg6 22. Qg3 Be6 23. f4 exf3 24. Bxf3 Rad8 25. Rad1 Bd5 26. Bxd5 Rxd5 27. Rf4
h6 28. Re1 Rfd8 29. Ree4 a5 30. Qe3 f5 31. Re6 Qg5 32. h4 Qxh4 33. Rg6 Rb8 34.
gxf5 Rb1+ 35. Rf1 Rxf1+ 36. Kxf1 Rxf5+ 37. Ke2 Kh7 38. Rg3 Qf6 39. Qd3 g6 40.
Qc4 Rf2+ 0-1

[Event "4NCL-9899B WR-GUI"]
[Site "Rd10-Birmingham"]
[Date "1999.05.02"]
[Round "10.5"]
[White "Gayson, Peter"]
[Black "Anderton, Matthew"]
[Result "1-0"]
[WhiteElo "2250"]
[BlackElo "2273"]
[PlyCount "73"]
[EventDate "1999.05.02"]

1. e4 e6 2. d4 d5 3. Nd2 Nf6 4. e5 Nfd7 5. Bd3 c5 6. c3 Nc6 7. Ne2 Qb6 8. Nf3
cxd4 9. cxd4 f6 10. exf6 Nxf6 11. O-O Bd6 12. b3 O-O 13. Bb2 Bd7 14. Nc3 Kh8
15. Na4 Qc7 16. Rc1 Be8 17. Nc5 Bxc5 18. Rxc5 Bh5 19. Be2 Ne4 20. Rc2 Qb6 21.
Ba3 Rf6 22. Bc5 Nxc5 23. dxc5 Qc7 24. Ng5 Bg6 25. Rc3 d4 26. Rh3 Qf4 27. Rg3 e5
28. Bd3 Bxd3 29. Qxd3 Rg6 30. Nxh7 e4 31. Qb5 Rxg3 32. hxg3 Qh6 33. Ng5 Qxg5
34. Qxb7 Rd8 35. Qxc6 d3 36. Qxe4 Qxc5 37. Qh4+ 1-0

[Event "4NCL-9899B WR-GUI"]
[Site "Rd10-Birmingham"]
[Date "1999.05.02"]
[Round "10.6"]
[White "James, Russell"]
[Black "Townsend, M Paul"]
[Result "1/2-1/2"]
[WhiteElo "2155"]
[BlackElo "2225"]
[PlyCount "26"]
[EventDate "1999.05.02"]

1. e4 g6 2. Nc3 Bg7 3. g3 d6 4. Bg2 Nf6 5. d3 O-O 6. Nge2 e5 7. O-O Nc6 8. h3
Nd4 9. f4 Ne8 10. Be3 f5 11. Qd2 c6 12. fxe5 dxe5 13. Rae1 Nc7 1/2-1/2

[Event "4NCL-9899B WR-GUI"]
[Site "Rd10-Birmingham"]
[Date "1999.05.02"]
[Round "10.7"]
[White "Barrett, Stephen"]
[Black "Norman, Ken"]
[Result "1-0"]
[WhiteElo "2202"]
[BlackElo "2172"]
[PlyCount "95"]
[EventDate "1999.05.02"]

1. d4 Nf6 2. c4 g6 3. Nc3 d5 4. cxd5 Nxd5 5. e4 Nxc3 6. bxc3 c5 7. Nf3 Bg7 8.
Rb1 O-O 9. Be2 cxd4 10. cxd4 Qa5+ 11. Qd2 Qxd2+ 12. Bxd2 b6 13. O-O Ba6 14.
Bxa6 Nxa6 15. Rfc1 Rfd8 16. Rc4 Rd7 17. Rbc1 Rad8 18. Kf1 h5 19. Ke2 Kf8 20.
Ra4 Nb8 21. d5 Ke8 22. Bf4 Rb7 23. Rc7 Rd7 24. Rc8+ Rd8 25. Rc7 Rd7 26. Rc8+
Rd8 27. Rxb8 Rdxb8 28. Bxb8 Rxb8 29. Rxa7 Rc8 30. Kd3 Rc3+ 31. Kd2 Rc5 32. Ra8+
Kd7 33. Rg8 Bc3+ 34. Kd3 Ba1 35. Ra8 Rc3+ 36. Kd2 Rc4 37. Kd3 Rc3+ 38. Kd2 Rc4
39. Ra7+ Kd6 40. Ng5 Ke5 41. g3 Kf6 42. f4 Rb4 43. h4 Rd4+ 44. Ke3 Rd1 45. e5+
Kg7 46. Rxe7 Rxd5 47. Rxf7+ Kg8 48. e6 1-0

[Event "4NCL-9899B WR-GUI"]
[Site "Rd10-Birmingham"]
[Date "1999.05.02"]
[Round "10.8"]
[White "Norman, Dinah"]
[Black "Forbes, Cathy"]
[Result "0-1"]
[WhiteElo "2064"]
[BlackElo "2104"]
[PlyCount "80"]
[EventDate "1999.05.02"]

1. d4 d5 2. Nf3 c6 3. c3 Bf5 4. Bf4 Nf6 5. e3 Nbd7 6. Qb3 Qb6 7. h3 h6 8. Nbd2
a5 9. Be2 e6 10. Ne5 a4 11. Qxb6 Nxb6 12. a3 Ne4 13. Nxe4 Bxe4 14. O-O Be7 15.
Rac1 O-O 16. Rfd1 f6 17. Nf3 Nc4 18. Bxc4 dxc4 19. Nd2 Bd3 20. Re1 Ra5 21. Ra1
Rb5 22. Ra2 e5 23. dxe5 fxe5 24. Bg3 Ra8 25. Nf3 Bf6 26. Rd1 Ra6 27. Ne1 Bg6
28. Nf3 Rab6 29. Rd2 Kf7 30. Bh4 Bxh4 31. Nxh4 Bb1 32. Ra1 Rxb2 33. Rd7+ Kf6
34. Nf3 Bd3 35. Rd8 R6b3 36. Ra8 Rxc3 37. Ne1 Rb1 38. Rxb1 Bxb1 39. Nf3 Rxa3
40. Nd2 c3 0-1